000 00632nam a2200181 a 4500
003 0
005 20250421085830.0
008 060801s19uu xx 00 eng d
050 _aPHS BF 723.P25
_b.M37 2006
100 _aMasicampo, Lester A.
245 _aParental relationship and emotional responses of children /
_cLester A. Masicampo.
260 _aLas PiƱas City, Philippines :
_bSouthville International School and Colleges,
_c2006.
300 _a39 pages :
_billustrations ;
_c28 cm.
504 _aIncludes bibliographical references.
650 _aParent and child.
650 _aEmotions in children.
942 _2lcc
_cPASS
999 _c97645
_d97645